000 01398nam a2200313 i 4500
999 _c65210
_d65210
001 768714001
003 CO-MdFUSB
005 20191023095918.0
008 190912t2010 ck |||| |||| 00| 0 spa d
020 _a9789584530639
040 _aCO-MdFUSB
_bspa
_cCO-MdFUSB
_dCO-MdFUSBC
_erda
041 _aspa
082 _223
_a158.1
_bSO713
100 _aSordo, Pilar.
_eautor
245 _aLecciones de seducción.
_c/ Pilar Sordo.
264 1 _aBogotá, Colombia :
_bNorma,
_c[2010]
264 4 _c© 2010
300 _a190 páginas
_c; 21 cm
336 _2rdacontent
_atexto
_btxt
337 _2rdamedia
_asin mediación
_bn
338 _2rdacarrier
_avolumen
_bnc
505 _aLa seducción es un viaje paradójico. -- La autoaceptación: el primer desafío. -- Mujer buena, mujer mala: una decisión inconsciente. -- Mirate al espejo y un poco más allá. -- Hazte cargo de tus sensaciones. -- Hacia el camino de la autoseducción. -- No siempre el objetivo es otro. -- Atrévete a jugar. -- Distorsiones en la seducción: el juego y el poder. -- Si exiges o cumples, no seduces. -- Explora tus fantasías y baja la guardia. -- Sólo escucha a tu corazón. -- Muestra por fuera lo que eres por dentro.
563 _aRústico.
650 7 _972
_aPsicología social
650 7 _92670
_aModa
_2embne
_xAspectos sociales
650 7 _92671
_aAutoestima
_2embne
942 _cBK
945 _aJTF-925